|
|
|
|
| LEADER |
00901nam a2200289 4500 |
| 001 |
DLU090079416 |
| 005 |
##20090608 |
| 040 |
# |
# |
|a DLU
|b eng
|
| 041 |
# |
# |
|a eng
|
| 044 |
# |
# |
|a UK
|
| 100 |
# |
# |
|a Plank, Manfred.
|
| 245 |
# |
# |
|a Some qualitative differences between the replicator dynamics of two player and n player games /
|c Manfred Plank.
|
| 653 |
# |
# |
|a Game theory
|
| 653 |
# |
# |
|a Invariant tori
|
| 653 |
# |
# |
|a Periodic orbits
|
| 653 |
# |
# |
|a Replicator dynamics
|
| 653 |
# |
# |
|a Volume-preserving flows
|
| 773 |
# |
# |
|t Nonlinear Analysis, Theory, Methods & Applications
|g Vol. 30, part 3 (December 1997), p. 1411-1417
|
| 920 |
# |
# |
|a Phòng Tạp chí -- Trung tâm Thông tin - Thư viện Trường Đại học Đà Lạt
|
| 994 |
# |
# |
|a DLU
|
| 900 |
# |
# |
|a True
|
| 911 |
# |
# |
|a Trương Bảo Trâm Anh
|
| 925 |
# |
# |
|a G
|
| 926 |
# |
# |
|a A
|
| 927 |
# |
# |
|a BB
|
| 980 |
# |
# |
|a Thư viện Trường Đại học Đà Lạt
|